000
00293nam a2200133Ia 4500
008
240624s9999 xx 000 0 und d
041
_a
eng
082
_a
823 BRO
100
_a
BROWN DAN
245
_a
INFERNO
260
_c
2013
_a
New Delhi
_b
Random House
300
_a
528 , p.
365
_c
BPS
999
_c
28951
_d
28951